000 01038nam a2200313Ia 4500
003 OSt
005 20221007123925.0
006 a|||||r|||| 00| 0
007 ta
008 221006b |||||||| |||| 00| 0 eng d
020 _a9780199216949 (pbk)
024 _a81836
037 _cTextbook
040 _aCDL
_cCDL
_beng
041 _2eng
_aeng
082 _aE1, P8 Carc
100 _aLi Wai-Kee
_9718134
245 0 _aAdvanced structural inorganic chemistry
_b Zhou Gong-Du Mak Thomas Chung Wai
260 _aOxford
_bOxford University Press
_c2008
300 _axx, 819p.
_ccm.
490 _aInternational union of crystallography texts on crystallography, 10
500 _aIncludes bibliographical references.; Index 811-819p.
650 _a Inorganic chemistry
_9185095
650 _aChemistry
700 _a Mak Thomas Chung Wai
_9718135
700 _a Zhou Gong-Du
_9718136
942 _hE1, P8 Carc
_cTB
_2CC
999 _c1212667
_d1212667